000 00377nam a2200133Ia 4500
005 20260328101516.0
008 260328s9999||||xx |||||||||||||| ||und||
100 _aTretyakov, Anatoli Konstantinovich
245 0 _aConcrete and concreting /
_cAnatoli Konstantinovich Tretyakov
260 _bMIR Publishers
300 _a312 p.
650 _aMATERIALES CONSTRUCTIVOS
942 _cBK
999 _c9400
_d9400